| 000 | 03187cam a2200265 i 4500 | ||
|---|---|---|---|
| 999 |
_c7585 _d7585 |
||
| 003 | OSt | ||
| 005 | 20200316160322.0 | ||
| 008 | 171124s2018 njua 001 0 eng | ||
| 020 | _a9781119393948 (paperback : acidfree paper) | ||
| 040 |
_aDLC _beng _cDLC _erda _dDLC |
||
| 082 | 0 | 0 |
_a720.285/53 _223 _bATT |
| 100 | 1 |
_aAttebery, Rachel, _d1990- _eauthor. |
|
| 245 | 1 | 4 |
_aThe Bluebeam guidebook : _bgame-changing tips and stories for architects, engineers, and contractors / _cRachel Attebery, Jason Hascall. |
| 300 |
_axv, 317 pages : _bcolor illustrations ; _c23 cm |
||
| 500 | _aIncludes index. | ||
| 520 | _a"Expert tips for the last piece in the paperless puzzle The Bluebeam Guidebook offers comprehensive coverage of the industry’s leading PDF tool to help AEC professionals adopt a more efficient digital workflow. With desktop, mobile, and server-based products, Bluebeam makes collaboration and document coordination seamless, and provides a perfect complement to BIM software. This book shows you how to push the boundaries and discover the software’s true capabilities. Written expressly for working AEC professionals, this book offers tips, tricks, and ideas that cater to industry-specific needs. Expert instruction and step-by-step guidance helps you get started quickly, and case studies feature users from firms such as Kiewit, Populus, Sundt Construction, and more to show you how Bluebeam is quickly becoming a critical component of design and construction. Master the industry’s leading PDF software and alternative to Adobe Acrobat Create, edit, and markup documents in a way that suits the architecture and engineering workflow Learn how major AEC firms have transitioned seamlessly to digital workflows Integrate Bluebeam into estimating, quality control, field applications, and more The days of file boxes and paper reams are quickly coming to a close. The transition to paperless has been a boon for the AEC industry, in which collaboration and document sharing is central to getting the job done. BIM has revolutionized the design process, and Bluebeam offers that same level of functional innovation for the document side of every project. For AEC professionals seeking a better way to get things done, The Bluebeam Guidebook is your ultimate guide to everything Bluebeam can do for you"-- | ||
| 520 | _a"This book offers comprehensive coverage of the industry's leading PDF tool to help AEC professionals adopt a more efficient digital workflow. With desktop, mobile, and server-based products, Bluebeam makes collaboration and document coordination seamless, and provides a perfect complement to BIM software. This book shows you how to push the boundaries and discover the software's true capabilities"-- | ||
| 630 | 0 | 0 | _aBluebeam Revu. |
| 650 | 0 |
_aBuilding information modeling _xComputer programs. |
|
| 650 | 0 | _aPDF (Computer file format) | |
| 650 | 7 |
_aTECHNOLOGY & ENGINEERING / Construction / General. _2bisacsh |
|
| 700 | 1 |
_aHascall, Jason A., _eauthor. |
|
| 776 | 0 | 8 |
_iOnline version: _aAttebery, Rachel, 1990- author. _tBluebeam guidebook _dHoboken, New Jersey : Wiley, 2018 _z9781119393962 _w(DLC) 2017056891 |
| 942 | _2ddc | ||